| 000 | 00439nam a2200157 i 4500 | ||
|---|---|---|---|
| 001 | 27609 | ||
| 003 | ES-MaACL | ||
| 005 | 20230906153648.0 | ||
| 007 | t| | ||
| 008 | 030115s1964 xxk ||||1| eng d | ||
| 100 | 1 |
_aAuchincloss, Louis ( _d1917-2010) _923833 |
|
| 245 | 1 | 0 |
_aPowers of attorney / _cby Louis Auchincloss. |
| 260 |
_aGreenwich : _bFawcett Pub., _c[1964] |
||
| 300 |
_a207 p. ; _c18 cm. |
||
| 852 |
_aES-MaACL _jC-36295 _bR.66131 |
||
| 999 |
_c27609 _d27609 |
||